[Event "CZE-chT2E 1819"]
[Site "Czech Republic"]
[Date "2018.11.04"]
[Round "2.3"]
[White "Bohacek, Milan"]
[Black "Bilek, Petr"]
[Result "1/2-1/2"]
[WhiteElo "2143"]
[BlackElo "2002"]
[PlyCount "100"]
[EventDate "2018.10.14"]
[EventType "team-tourn"]
[EventRounds "11"]
[EventCountry "CZE"]
[SourceTitle "EXT 2022"]
[Source "ChessBase"]
[SourceDate "2021.10.06"]
[SourceVersion "1"]
[SourceVersionDate "2021.10.06"]
[SourceQuality "1"]
[WhiteTeam "Prusanky Podluzan"]
[BlackTeam "Veseli nad Moravou"]
[WhiteTeamCountry "CZE"]
[BlackTeamCountry "CZE"]

1. c4 c6 2. d4 Nf6 3. Nc3 d5 4. b3 Bf5 5. Nf3 e6 6. Bd2 Be7 7. c5 Nbd7 8. Bg5 h6 9. Bf4 Nh5 10. Bd2 0-0 11. h3 Nhf6 12. g4 Bh7 13. Bf4 Qa5 14. Bd2 Qc7 15. Qc1 e5 16. b4 Rfe8 17. Bg2 Rac8 18. Be3 b6 19. cxb6 axb6 20. a3 c5 21. dxe5 Nxe5 22. Bf4 Nxf3+ 23. Bxf3 Qd7 24. bxc5 Rxc5 25. Qd2 d4 26. Nb1 Nd5 27. 0-0 Nxf4 28. Qxf4 Bd6 29. Qd2 Rc2 30. Qd1 Bb8 31. Kg2 Qc7 32. Rh1 Qf4 33. a4 Be4 34. Ra3 Rec8 35. Bxe4 Qxe4+ 36. Rf3 Rxe2 37. Nd2 Qe6 38. Nb3 Re4 39. Nxd4 Qc4 40. Nf5 Rce8 41. Qb3 Qc7 42. Qc3 Qxc3 43. Rxc3 Rxa4 44. Rb1 Ra2 45. Re3 Rxe3 46. Nxe3 Ba7 47. Nd5 b5 48. Rxb5 Rxf2+ 49. Kg3 Re2 50. Rb7 Bc5 1/2-1/2

[Event "CZE-chT2E 1213"]
[Site "Czech Republic"]
[Date "2013.03.03"]
[Round "10.3"]
[White "Bilek, Petr"]
[Black "Marek, Jiri1111"]
[Result "0-1"]
[WhiteElo "2079"]
[BlackElo "2076"]
[PlyCount "114"]
[EventDate "2012.10.14"]
[EventType "team-tourn"]
[EventRounds "11"]
[EventCountry "CZE"]
[SourceTitle "EXT 2016"]
[Source "ChessBase"]
[SourceDate "2015.10.08"]
[SourceVersion "1"]
[SourceVersionDate "2015.10.08"]
[SourceQuality "1"]
[WhiteTeam "Veseli nad Moravou"]
[BlackTeam "Prusanky Podluzan"]
[WhiteTeamCountry "CZE"]
[BlackTeamCountry "CZE"]

1. e4 c6 2. d4 d5 3. Nc3 dxe4 4. Nxe4 Nf6 5. Nxf6+ gxf6 6. c3 Bf5 7. Nf3 e6 8. g3 Qb6 9. Qb3 Nd7 10. Bf4 0-0-0 11. Bg2 e5 12. Be3 Be6 13. Qxb6 axb6 14. 0-0 Be7 15. b4 h5 16. h4 Kc7 17. Rfc1 Bd5 18. a3 Rhg8 19. c4 Be4 20. Rd1 Ra8 21. dxe5 Bxf3 22. Bxf3 fxe5 23. Bxh5 f5 24. Bf7 Rgf8 25. Be6 Rad8 26. Bxd7 Rxd7 27. Bxb6+ Kc8 28. Rxd7 Kxd7 29. Rd1+ Ke6 30. Kg2 Ra8 31. Rd3 Bd6 32. c5 Be7 33. Kh3 e4 34. Re3 Bf6 35. Rb3 Kd5 36. b5 Bd4 37. bxc6 bxc6 38. Kg2 Ra4 39. h5 Ra8 40. Rb1 Rxa3 41. h6 Ra2 42. h7 Rxf2+ 43. Kh1 Ra2 44. Rd1 Ra1 45. Rxa1 Bxa1 46. Kg2 Bd4 47. Kf1 Ke6 48. Ke2 Kf7 49. h8Q Bxh8 50. Ke3 Ke6 51. g4 Bf6 52. gxf5+ Kxf5 53. Bc7 Bg5+ 54. Ke2 Ke6 55. Bd6 Kd5 56. Bf8 Bf6 57. Ke3 Bd4+ 0-1

[Event "CZE-chT2E 1213"]
[Site "Czech Republic"]
[Date "2012.11.18"]
[Round "3.5"]
[White "Vidlar, Pavel"]
[Black "Bilek, Petr"]
[Result "1-0"]
[WhiteElo "1924"]
[BlackElo "2079"]
[PlyCount "117"]
[EventDate "2012.10.14"]
[EventType "team-tourn"]
[EventRounds "11"]
[EventCountry "CZE"]
[SourceTitle "EXT 2016"]
[Source "ChessBase"]
[SourceDate "2015.10.08"]
[SourceVersion "1"]
[SourceVersionDate "2015.10.08"]
[SourceQuality "1"]
[WhiteTeam "Napajedla"]
[BlackTeam "Veseli nad Moravou"]
[WhiteTeamCountry "CZE"]
[BlackTeamCountry "CZE"]

1. Nf3 d5 2. d4 Nf6 3. Bf4 c5 4. c3 e6 5. e3 Nc6 6. Nbd2 cxd4 7. exd4 Bd6 8. Bxd6 Qxd6 9. Be2 0-0 10. 0-0 b6 11. Re1 Bb7 12. Bd3 Rac8 13. Ne5 a6 14. Re3 b5 15. Nxc6 Rxc6 16. a3 Re8 17. Qe2 Rc7 18. Re1 Rce7 19. h3 h6 20. Nf3 Nd7 21. Ne5 Nxe5 22. dxe5 Qd8 23. Qg4 Rc7 24. Rg3 f5 25. exf6 Qxf6 26. Rf3 Qg5 27. Rxe6 Rce7 28. Qxg5 hxg5 29. Rxe7 Rxe7 30. Re3 Rxe3 31. fxe3 Kf7 32. Kf2 Kf6 33. Kg3 Bc6 34. Be2 Ke5 35. Bf3 Bd7 36. Bg4 Be8 37. Kf3 a5 38. Bc8 Bc6 39. Ke2 Be8 40. Bb7 Bd7 41. Kf3 Bf5 42. Bc6 Bd3 43. a4 Be4+ 44. Kf2 b4 45. cxb4 axb4 46. Bb5 Kd6 47. a5 Kc5 48. Bf1 Kc6 49. Ke1 Kc5 50. Kd2 Kc6 51. g3 Kc5 52. Bd3 Bg2 53. h4 gxh4 54. gxh4 Be4 55. a6 Kb6 56. Kc2 Bf3 57. Kb3 Kc5 58. a7 d4 59. e4 1-0

[Event "CZE-chT2E 1213"]
[Site "Czech Republic"]
[Date "2012.11.04"]
[Round "2.4"]
[White "Blaha, Petr"]
[Black "Bilek, Petr"]
[Result "1/2-1/2"]
[WhiteElo "2075"]
[BlackElo "2079"]
[PlyCount "73"]
[EventDate "2012.10.14"]
[EventType "team-tourn"]
[EventRounds "11"]
[EventCountry "CZE"]
[SourceTitle "EXT 2016"]
[Source "ChessBase"]
[SourceDate "2015.10.08"]
[SourceVersion "1"]
[SourceVersionDate "2015.10.08"]
[SourceQuality "1"]
[WhiteTeam "Stare Mesto III"]
[BlackTeam "Veseli nad Moravou"]
[WhiteTeamCountry "CZE"]
[BlackTeamCountry "CZE"]

1. d4 d5 2. Nf3 c6 3. c4 Nf6 4. Nc3 e6 5. Bg5 h6 6. Bh4 dxc4 7. e4 g5 8. Bg3 b5 9. Ne5 Bg7 10. h4 Bb7 11. hxg5 hxg5 12. Rxh8+ Bxh8 13. f3 Nh5 14. Bh2 Nd7 15. Nxd7 Qxd7 16. e5 f5 17. g4 Ng7 18. Qd2 Qe7 19. 0-0-0 0-0-0 20. Qf2 Kb8 21. Be2 a6 22. f4 fxg4 23. Bxg4 Rf8 24. Ne4 Ne8 25. Nc5 Nc7 26. Qd2 gxf4 27. Bxf4 Rg8 28. Bh5 Nd5 29. Bh2 Bg7 30. Bf3 Qh4 31. Qe2 Bh6+ 32. Kb1 Ne3 33. Re1 Qxd4 34. Nxe6 Qd3+ 35. Qxd3 cxd3 36. Nf4 Nc2 37. Rd1 1/2-1/2

[Event "CZE-chT2E 1011"]
[Site "Czech Republic"]
[Date "2011.01.23"]
[Round "6.8"]
[White "Bilek, Petr"]
[Black "Vlk, Miroslav"]
[Result "1/2-1/2"]
[WhiteElo "1940"]
[BlackElo "2060"]
[PlyCount "44"]
[EventDate "2010.10.17"]
[EventType "team-tourn"]
[EventRounds "11"]
[EventCountry "CZE"]
[SourceTitle "EXT 2012"]
[Source "ChessBase"]
[SourceDate "2011.11.24"]
[SourceVersion "1"]
[SourceVersionDate "2011.11.24"]
[SourceQuality "1"]
[WhiteTeam "Veseli nad Moravou"]
[BlackTeam "Znojmo"]
[WhiteTeamCountry "CZE"]
[BlackTeamCountry "CZE"]

1. e4 e6 2. d4 d5 3. exd5 exd5 4. Bd3 Bd6 5. Nf3 Nf6 6. 0-0 0-0 7. Bg5 Bg4 8. Nbd2 Nbd7 9. c3 c6 10. Qc2 Qc7 11. h3 Bh5 12. Rfe1 Rfe8 13. Nh4 Bh2+ 14. Kh1 Bf4 15. Nhf3 Bg6 16. Bxf4 Qxf4 17. Bxg6 hxg6 18. Kg1 Nh5 19. Rxe8+ Rxe8 20. Re1 Rxe1+ 21. Nxe1 Qg5 22. Ndf3 Qe7 1/2-1/2